=LDR 00000nam 2200000 4500 =001 INLIS000000000014715 =005 20130612110008 =008 ***********************************Ind** =035 ##$$0010-061300000014715 =041 ##$$a Ind =082 ##$$a 600 =090 ##$$a 600, Bri j =100 ##$$a Bridgman, Roger =245 ##$$a Jendela Iptek 8, Elektronika, Roger Bridgman =260 ##$$a 2000 $b Jakarta =300 ##$$a 64, hlm, Ilus, 30 cm =650 ##$$a Tehnologi dan Sains =850 ##$$a NBPNMAT